| 000 | 00582nam a2200253Ia 4500 | ||
|---|---|---|---|
| 008 | 190123s9999 xx 000 0 und d | ||
| 020 | _a9780439585040 | ||
| 050 | _bH758 2001 | ||
| 100 | _aHolub, Joan | ||
| 245 | 0 | _aWhy do dogs bark ?/ | |
| 245 | 0 | _cby Joan Holub. | |
| 260 | _aNew York, New York : | ||
| 260 | _bScholastic, | ||
| 260 | _c2001 | ||
| 300 | _a48 pages : | ||
| 300 | _bcolored illustrations ; | ||
| 300 | _c23cm. | ||
| 500 | _a610L | ||
| 650 | _aDogs -- | ||
| 650 | _aDogs. | ||
| 650 | _xBehavior. | ||
| 700 | _aDiVito, Anna. | ||
| 700 | _aTitle. | ||
| 999 |
_c361021 _d361021 |
||